Daňová kontrola a daňové konanie

Vymedzenie pojmov daňová kontrola a daňové konanie. Povinnosť podávať daňové priznanie k dani z príjmov. Ilustračné príklady.

Gespeichert in:
Bibliographische Detailangaben
1. Verfasser: Boráková, Marta
Format: Buchkapitel
Sprache:Slowakisch
Schlagworte:
Tags: Tag hinzufügen
Keine Tags, Fügen Sie das erste Tag hinzu!

MARC

LEADER 00000naa a2200000 4500
001 0200540
005 20231120130443.4
041 0 |a slo 
044 |a SK 
245 1 0 |a Daňová kontrola a daňové konanie  |c Marta Boráková 
520 |a Vymedzenie pojmov daňová kontrola a daňové konanie. Povinnosť podávať daňové priznanie k dani z príjmov. Ilustračné príklady. 
610 2 0 |a kontrola daňová 
610 2 0 |a konanie daňové 
610 2 0 |a dane z príjmov 
100 1 |a Boráková, Marta